<?xml version="1.0" encoding="UTF-8"?>
<record
    xmlns:xsi="http://www.w3.org/2001/XMLSchema-instance"
    xsi:schemaLocation="http://www.loc.gov/MARC21/slim http://www.loc.gov/standards/marcxml/schema/MARC21slim.xsd"
    xmlns="http://www.loc.gov/MARC21/slim">

  <leader>02135nam a22001697a 4500</leader>
  <controlfield tag="003">IT-RoPau</controlfield>
  <controlfield tag="005">20220918181221.0</controlfield>
  <controlfield tag="008">140719b        xxu||||| |||| 00| 0 eng d</controlfield>
  <datafield tag="040" ind1=" " ind2=" ">
    <subfield code="c">IT-RoPau</subfield>
  </datafield>
  <datafield tag="100" ind1=" " ind2=" ">
    <subfield code="a">Pie Discepole del Divin Maestro</subfield>
    <subfield code="9">33887</subfield>
  </datafield>
  <datafield tag="245" ind1=" " ind2=" ">
    <subfield code="a">La vita in Cristo e nella Chiesa 2012</subfield>
    <subfield code="b">Anno 61 - 2012</subfield>
  </datafield>
  <datafield tag="260" ind1=" " ind2=" ">
    <subfield code="a">Roma</subfield>
    <subfield code="b">PDDM</subfield>
    <subfield code="c">2012</subfield>
  </datafield>
  <datafield tag="300" ind1=" " ind2=" ">
    <subfield code="a">S.n.p.</subfield>
    <subfield code="c">26 cm</subfield>
  </datafield>
  <datafield tag="490" ind1=" " ind2=" ">
    <subfield code="a">La vita in Cristo e nella Chiesa</subfield>
    <subfield code="v">2012</subfield>
  </datafield>
  <datafield tag="520" ind1=" " ind2=" ">
    <subfield code="a">Elenco autori

Febbraio 2012
Cruciani - Sirboni - Carotta/Cruciani/Masumeci - Crociata - Lameri - Sorci - Sirboni - Babolin - Cravero - Viviano - Linder - Soranzo - Priori - Panicci&#xE0; - Viviano - Badaracchi - Redazione

Marzo 2012
Cruciani - Sirboni - Carotta/Masumeci - Redazione - Viviano - Ufficio di Catechistico Diocesi di Roma - Valli - Cravero - Linder - Soranzo - Viviano - Panicci&#xE0; - Passiatore - Redazione

Aprile 2012
Cruciani - Sirboni - Carotta/Masumeci - Redazione - Carotta/Cruciani - Viviano - Valli - Cravero - Passiatore - Scattolin - Catalini - Redazione - Redazione

Maggio 2012
Cruciani - Sirboni - Carotta/Cruciani - Viviano - Cruciani - Redazione - Valli - Cravero - Linder - Babolin - Soranzo - Le Corre - Redazione - Redazione - Redazione - Redazione

Giugno-Luglio 2012
Cruciani - Sirboni - Redazione - Cravero - Linder - Soranzo - Valli - Carotta/Cruciani - Montanari - Rossi De Gasperis - Giorgini - Costa - Viviano - Belletti - Redazione

Agosto-Settembre 2012
Cruciani - Sirboni - Cravero - Linder - Soranzo - Paciello - Valli - Carotta/Cruciani - Redazione - Mascitelli - Hackett - Passiatore - Redazione - Redazione

Ottobre 2012
Cruciani - Sirboni - Gironi - Carotta/Cruciani - Bonetti - Massimi - Redazione - Viviano - Redazione - Redazione - Valli - Cravero - Linder - Soranzo - Viviano - Ruspi - Iodice - Redazione

Novembre 2012
Cruciani - Sirboni - Gironi - Carotta/Cruciani - Sorci - Redazione - Carotta/Cruciani - Valli - Cravero - Linder - Soranzo - Ruspi - Redazione

Dicembre 2012
Cruciani - Sirboni - Gironi - Cravero - Linder - Soranzo - Carotta/Trudu - Trudu - Valli - Ruspi - Di Napoli - Rosso - Brizzolara - Redazione</subfield>
  </datafield>
  <datafield tag="942" ind1=" " ind2=" ">
    <subfield code="2">ddc</subfield>
    <subfield code="c">CR</subfield>
  </datafield>
  <datafield tag="999" ind1=" " ind2=" ">
    <subfield code="c">104463</subfield>
    <subfield code="d">104463</subfield>
  </datafield>
  <datafield tag="952" ind1=" " ind2=" ">
    <subfield code="0">0</subfield>
    <subfield code="1">0</subfield>
    <subfield code="2">ddc</subfield>
    <subfield code="4">0</subfield>
    <subfield code="6">P_D8</subfield>
    <subfield code="7">1</subfield>
    <subfield code="a">PAULUS</subfield>
    <subfield code="b">PAULUS</subfield>
    <subfield code="d">2014-07-19</subfield>
    <subfield code="l">0</subfield>
    <subfield code="o">P D8</subfield>
    <subfield code="r">2014-07-19 00:00:00</subfield>
    <subfield code="w">2014-07-19</subfield>
    <subfield code="y">CR</subfield>
  </datafield>
</record>
